Central Library OPAC University of Rajshahi

Socialism versus capitalism / (Record no. 3425)

MARC details
000 -LEADER
fixed length control field 00729cam a22002531 4500
001 - CONTROL NUMBER
control field 3425
003 - CONTROL NUMBER IDENTIFIER
rucl marc code BD-RjUL
005 - DATE AND TIME OF LATEST TRANSACTION
control field 20211208233729.0
008 - FIXED-LENGTH DATA ELEMENTS--GENERAL INFORMATION
fixed length control field 131219r19541937enk 000 0 eng d
035 ## - SYSTEM CONTROL NUMBER
System control number (BD-RjUL)3459
System control number (OCoLC)266120
040 ## - CATALOGING SOURCE
Original cataloging agency DLC
Transcribing agency ODaWU
Modifying agency OCoLC
-- DLC
-- BD-RjUL
Language of cataloging eng
041 ## - LANGUAGE CODE
Language code of text/sound track or separate title eng
082 ## - DEWEY DECIMAL CLASSIFICATION NUMBER
Classification number 335
Author mark and year PIS 1954
100 1# - MAIN ENTRY--PERSONAL NAME
Personal name Pigou, A. C.
Fuller form of name (Arthur Cecil),
Dates associated with a name 1877-1959.
9 (RLIN) 6471
245 10 - TITLE STATEMENT
Title Socialism versus capitalism /
Statement of responsibility, etc. A.C. Pigou ...
260 ## - PUBLICATION, DISTRIBUTION, ETC. (IMPRINT)
Place of publication, distribution, etc. London,
Name of publisher, distributor, etc. Macmillan and Co., Limited,
Date of publication, distribution, etc. 1937 [reprinted 1954]
300 ## - PHYSICAL DESCRIPTION
Pagination vii, 138, [1] p.;
Size 18 cm.
650 #0 - SUBJECT ADDED ENTRY--TOPICAL TERM
Topical term or geographic name as entry element Socialism.
9 (RLIN) 10756
Topical term or geographic name as entry element Capitalism.
9 (RLIN) 10757
942 ## - ADDED ENTRY ELEMENTS (KOHA)
Source of classification or shelving scheme Dewey Decimal Classification
Koha item type Books
Holdings
Lost status Source of classification or shelving scheme Damaged status Not for loan Collection code Permanent Location Current Location Shelving location Date acquired Source of acquisition Cost, normal purchase price Total Checkouts Full call number Date last seen Copy number Koha item type
  Dewey Decimal Classification     Non-fiction Central Library, University of Rajshahi Central Library, University of Rajshahi   25/01/1956 SUMP. MARSHALL 0.70   335 PIS 1954 19/12/2013 C-4 Books
  Dewey Decimal Classification     Non-fiction Central Library, University of Rajshahi Central Library, University of Rajshahi   09/01/1965 Zitlinger 7.60   335 PIS 1960 19/12/2013 C-5 Books
  Dewey Decimal Classification     Non-fiction Central Library, University of Rajshahi Central Library, University of Rajshahi   09/01/1965 Zeitlinger 7.80   335 PIS 1960 26/12/2013 C-4 Books
  Dewey Decimal Classification     Non-fiction Central Library, University of Rajshahi Central Library, University of Rajshahi   28/01/1956 Simkin marshal 7.00   335 PIS 1954 28/07/2016 C-2 Books